| 000 | 00905cam a22003017a 4500 | ||
|---|---|---|---|
| 003 | CHAP | ||
| 005 | 20220329140917.0 | ||
| 008 | 971013s1990 r 00010 d | ||
| 010 | _a59659 | ||
| 011 | _a60631 | ||
| 035 | _a64793 | ||
| 040 | _cCHAP | ||
| 082 |
_a530.03 _bC6 1990 |
||
| 245 | 1 | 2 | _aA concise dictionary of physics |
| 250 | _a2 ed. | ||
| 260 |
_aOxford : _bOxford University Press, _c1990 |
||
| 300 | _a308 p. | ||
| 490 | 0 | _aOxford paperback reference | |
| 590 |
_aBATCH-UPD _b10 _c20130110 _lUCH01 _h0737 |
||
| 590 |
_aBATCH-UPD _b10 _c20130410 _lUCH01 _h0420 |
||
| 590 |
_aBATCH-UPD _b10 _c20130914 _lUCH01 _h1423 |
||
| 590 |
_aCONVERSION _b10 _c20130109 _lUCH01 _h1332 |
||
| 650 | 1 | 4 |
_aFĂsica _xDiccionarios. _941979 |
| 830 | 0 |
_aOxford paperback reference _984456 |
|
| 901 | _aBK | ||
| 942 | _cLIBRO | ||
| 949 |
_a530.03 C6 1990 _bBC _cC _d33724000493185 _eC _gI. c/e _h90172 _i64793 _si _t95.00 |
||
| 999 |
_c59659 _d59659 |
||